000 00269nam a22001217a 4500
082 _a425
_bSUK/O
100 _aP.K, SUKUMARAN
245 _a109 PROVERBS EXPANDED
260 _aTHRISSUR
_bH&C PUBLISHING HOUSE
300 _a80
650 _aPROVERBS
_zTHRISSUR
942 _cBK
999 _c3808
_d3808